Sports Quiz

Random Sports or Cricket Quiz
Score 0/59 Timer 10:00
55 Plays Today
% Correct
Slips
91.1%
Wicket Keeper
87.4%
Mid-Off
86.9%
Mid-On
86.1%
Gully
83.8%
Cover
83.5%
Third Man
82.8%
Point
81.7%
Square Leg
81.2%
Long Off
79.3%
Long-On
79%
Mid-Wicket
78.1%
Fine Leg
76.4%
Deep Cover
74.1%
Deep Mid-Wicket
74%
Deep Square Leg
73.5%
Deep Point
71.6%
Leg Slip
71.3%
Bowler
69.5%
Silly Mid-Off
67.1%
Silly Mid-On
66.2%
Silly Point
65.4%
Extra Cover
64%
Short Leg
62.6%
Backward Point
55.2%
Deep Extra Cover
54.1%
Short Fine Leg
54.1%
Short Third Man
53.2%
Deep Third Man
52%
Deep Fine Leg
51.3%
% Correct
Long Stop
50.5%
Straight Hit
49.6%
Deep Forward Mid-Wicket
48.9%
Short Cover
48.8%
Short Mid-Wicket
48.5%
Deep Backward Point
48.2%
Deep Mid-Off
48%
Deep Mid-On
47.7%
Fly Slip
47.7%
Backward Square Leg
44.2%
Deep Backward Square Leg
43.8%
Leg Gully
43.4%
Short Mid-Off
42.1%
Short Mid-On
41.9%
Cover Point
41.1%
Long Leg
39.2%
Deep Cover Point
33.9%
Forward Square Leg
29.4%
Deep Forward Square Leg
26.5%
Forward Point
25.6%
Fine Third Man
21.5%
Wide Long-On
20.3%
Wide Long Off
20.3%
Straight Long Off
16.5%
Straight Long-On
16.4%
Square Third Man
15.6%
Square Fine Leg
13.7%
Backward Short Leg
10.7%
Straight Fine Leg
9.3%
Remove Ads.
Support Sporcle.
Get the best of Sporcle when you Go Orange. This ad-free experience offers more features, more stats, and more fun while also helping to support Sporcle. Thank you for becoming a member.

You're not logged in!

Compare scores with friends on all Sporcle quizzes.
OR
Log In

Show Comments

Extras

Top Quizzes Today


Score Distribution

Your Account Isn't Verified!

In order to create a playlist on Sporcle, you need to verify the email address you used during registration. Go to your Sporcle Settings to finish the process.

Report this User

Report this user for behavior that violates our Community Guidelines.

Details: